000 00332nam a22001097a 4500
008 230606b xxu||||| |||| 00| 0 eng d
082 _a338.91091724
_bDPR
245 _aDevelopment Policy Review
_bDevelopmental State in the New Millennium
260 _aUnited Kingdom
_bBlackwell Publishing Ltd
_c2007
300 _a656 p
942 _2ddc
_cBK
999 _c558
_d558